| 000 | 00460pab a2200169 454500 | ||
|---|---|---|---|
| 008 | 180718b1990 xxu||||| |||| 00| 0 eng d | ||
| 100 | _aMaduabum, Chuks P. | ||
| 245 | _aConflict between bureaucracy and innovation in Nigerian public service | ||
| 260 | _c1990 | ||
| 300 | _ap.262-270. | ||
| 362 | _aApr-Jun | ||
| 650 | _aBureaucracy - Nigeria | ||
| 650 | _aBureaucracy | ||
| 773 | _aIndian Journal of Public Administration | ||
| 908 | _aN | ||
| 909 | _a5075 | ||
| 999 |
_c5075 _d5075 |
||